| 000 | 00421nam a22001457a 4500 | ||
|---|---|---|---|
| 999 |
_c7548 _d7546 |
||
| 005 | 20210310153538.0 | ||
| 008 | 210310b ||||| |||| 00| 0 eng d | ||
| 082 | _a346.066 | ||
| 100 |
_aAIYAR, A.N. _96466 |
||
| 245 | _aREPORTS OF COMPANY INCLUDING CASES ON BANKING AND INSURANCE [VOL-33] | ||
| 260 |
_aMADRAS _bCOMPANY LAW INSTITUTE OF INDIA ,PVT.LTD _c1963 |
||
| 300 | _aI-XVIII,P | ||
| 650 |
_aLAW _95701 |
||
| 942 | _cJRL | ||